Statistics for All-Time Anaheim Ducks

Click here to take the quiz!

General Stats

  • This quiz has been taken 18 times
  • The average score is 7 of 13

Answer Stats

Position Answer % Correct
1st Line CGetzlaf
100%
1st Line LWKariya
93%
1st Line RWSelänne
93%
2nd Line RWPerry
86%
1st Line DNiedermayer
86%
Starting GoalieGiguère
79%
CoachCarlyle
36%
2nd Line DOzoliņš
29%
Backup GoalieHebert
29%
2nd Line DBeauchemin
21%
2nd Line LWKoivu
7%
1st Line DTverdovsky
7%
2nd Line CCullen
0%

Score Distribution

Percentile by Number Answered

Percent of People with Each Score

Your Score History

You have not taken this quiz